000 00511nam a2200181Ia 4500
005 20250508150247.0
008 008 250505s9999 xx 000 0 eng d
037 _aTextual
040 _aFEDL
_beng
_cFEDL
041 _aeng
_2eng
084 _a420.07, RAT
_qFEDL
100 _aRatcliff A J J
_910814
245 0 _aTeaching of english in upper forms
260 _aLondon, UK
_bThomas Nelson and Sons
_c1926
300 _avii,219p.
942 _cTEXL
_h420.07, RAT
999 _c1322694
_d1322694